000
00282nam a2200121Ia 4500
008
190216s9999||||xx |||||||||||||| ||und||
100
_a
Rajaram Rao. A
245
0
_a
Hand Book Of English Usage
260
_b
Orient Longman
_c
1990
300
_a
202
650
_a
English
942
_c
BK
999
_c
14202
_d
14202